000 00301nam a22001337a 4500
008 210302b ||||| |||| 00| 0 eng d
020 _a9781618533081
041 _aeng
080 _24th
_a330.722.6
100 _a61
101 _aKF
245 _aFinancial Accounting
_cWallace,S.J
942 _2udc
_cBK
999 _c55467
_d55467